Szczegóły MARC21

Die Flucht ohne Ende : ein Bericht : Roman /

001 -Numer kontrolny rekordu [,]
    • @
    • pole kontrolne
    • xx005356749
003 -Nazwa instytucji [,]
    • @
    • pole kontrolne
    • NUKAT
005 -Data i czas ostatniej zmiany [,]
    • @
    • Data ostatniej zmiany
    • 20241231095151.0
007 -Forma fizyczna dokumentu dźwiękowego [,]
    • @
    • Forma fizyczna dokumentu dźwiękowego
    • sd fsngnn|||ed
008 -Pole stałej długości [,]
    • @
    • pole
    • 220527s2010 sz nnnng f n ger c
020 -Międzynarodowy znormalizowany numer książki - ISBN [ , ]
    • a
    • Numer ISBN
    • 9783257802832 Find
035 -Inne numery kontrolne [ , ]
    • a
    • Numer kontrolny
    • (OCoLC)1325601128
040 -Instytucja sporządzająca opis [ , ]
    • c
    • Instytucja, która sporządziła rekord (NP)
    • SZCZ U/JS
920 -ISBN [ , ]
    • a
    • ISBN
    • 978-3-257-80283-2 Find
942 -Rodzaj dokumentu [ , ]
    • c
    • Rodzaj dokumentu
    • Dokument Dźwiękowy - płyta
100 -Hasło główne - nazwa osobowa [1, ]
    • a
    • Nazwa osobowa (NP)
    • Roth, Joseph
    • d
    • Daty biograficzne (NP)
    • (1894-1939).
    • e
    • RRodzaj współpracy
    • Autor
240 -Tytuł ujednolicony [1,0]
    • a
    • Tytuł ujednolicony (NP)
    • Flucht ohne Ende
    • l
    • Język tekstu (NP)
    • (niem.)
245 -Strefa tytułu i oznaczenia odpowiedzialności [1,4]
    • a
    • Tytuł
    • Die Flucht ohne Ende :
    • b
    • Ciąg dalszy tytułu (NP)
    • ein Bericht : Roman /
    • c
    • Pozostałe elementy strefy tytułu i oznaczenia odpowiedzialności (NP)
    • Joseph Roth.
260 -Strefa adresu wydawniczego [ , ]
    • a
    • Miejsce wydania (P)
    • Zürich :
    • b
    • Nazwa wydawcy (P)
    • Diogenes,
    • c
    • Data wydania (P)
    • copyright 2010.
300 -Strefa opisu fizycznego [ , ]
    • a
    • Określenie formy książki i/lub objętość (NP)
    • 3 płyty CD (4 godz. 03 min) :
    • b
    • Inne szczegóły opisu fizycznego (NP)
    • digital, stereo ;
    • c
    • Format (NP)
    • 12 cm +
    • e
    • Oznaczenie dokumentu towarzyszącego (NP)
    • broszura : [4] strony ; 12x12 cm.
306 -Czas nagrania [ , ]
    • a
    • Czas nagrania
    • 040300
336 -Typ zawartości [ , ]
    • a
    • Termin określający typ nośnika
    • Słowo mówione
    • b
    • Kod określający zawartość
    • spw
    • 2
    • Źródło (termin i kod)
    • rdacontent
337 -Typ mediów [ , ]
    • a
    • Tryb odtwarzania
    • Audio
    • b
    • Kod typu nośnika
    • s
    • 2
    • Źródło (termin i kod)
    • rdamedia
338 -Typ/rodzaj nośnika [ , ]
    • a
    • Hasło opisujące typ nośnika
    • Płyta audio
    • b
    • Kod typu nośnika
    • sd
    • 2
    • Źródło (termin i kod)
    • rdacarrier
490 -Strefa serii i książki wielotomowej - forma nie do wyszukiwania [0, ]
    • a
    • Tytuł (P)
    • Diogenes Hörbuch
830 -Hasło dodatkowe serii i opisu książki wielotomowej - tytuł ujednolicony/tytuł [ ,0]
    • a
    • Tytuł ujednolicony/tytuł (NP)
    • Diogenes-Hörbuch
508 -Uwaga dot. twórców i producentów [ , ]
    • a
    • Uwaga dot. twórców/producentów
    • Regie Brigitte Landes.
511 -Uwaga dot. uczestników lub wykonawców [0, ]
    • a
    • Uwaga dot. uczestników lub wykonawców
    • Gelesen von Martin Wuttke.
655 -Hasło przedmiotowe - forma [ ,7]
    • a
    • Określenie rzeczowe
    • Powieść austriacka
    • y
    • Określnik chronologiczny
    • 1900-1945.
700 -Hasło dodatkowe - nazwa osobowa [1, ]
    • a
    • Nazwa osobowa (NP)
    • Landes, Brigitte
    • d
    • Daty biograficzne (NP)
    • (1946- ).
    • e
    • Określenie rodzaju współpracy (NP)
    • Reżyseria nagrania
700 -Hasło dodatkowe - nazwa osobowa [1, ]
    • a
    • Nazwa osobowa (NP)
    • Wuttke, Martin
    • d
    • Daty biograficzne (NP)
    • (1962- ).
    • e
    • Określenie rodzaju współpracy (NP)
    • Wykonanie
710 -Hasło dodatkowe - nazwa ciała zbiorowego [2, ]
    • a
    • Nazwa ciała zbiorowego lub nazwa geograficzna jako pierwszy element (NP)
    • Diogenes Verlag.
    • e
    • Rodzaj współpracy
    • Wydawca
    • 9
    • KHW
    • 429412
Cena Numer inwentarzowy Data inwentaryzacji Sposób nabycia Kierowanie Kod kreskowy Data wprowadzenia opisu Sygnatura Status udostępniania Akcesja
10.00Ad.30432023-03-14dBM20050200304312022-02-03Germ. Audiobooki 99-322d094/6